000 00763nam a2200265Ia 4500
003 OSt
005 20220925230646.0
006 a|||||r|||| 00| 0
007 ta
008 220923b |||||||| |||| 00| 0 eng d
020 _a1856499464
037 _cGeneral Book
040 _aRTL
_cRTL
_beng
041 _2eng
_aeng
082 _aY15:3(X:77), P2
100 _aSaunders Kriemild
_9294093
245 0 _aFeminist post-development thought Rethinking mode
260 _aLondon
_bZed Books
_c2002
300 _axv,368p
_ccm.
490 _aZed Books on Women and Development
500 _aBibliography: p 331-356
650 _aWoman Sociology
942 _hY15:3(X:77), P2
_cGB
_2CC
999 _c586291
_d586291